Mezinárodní směna, faktor ekonomického růstu průmyslové produkce ve vyspělých zemích a ČSSR

Saved in:
Bibliographic Details
Main Author: Zeman, Karel
Format: Book
Language:Czech
Published: Praha Výzkumný ústav národohospodářského plánování 1969
Series:Výzkumná práce č. 160
Tags: Add Tag
No Tags, Be the first to tag this record!

MARC

LEADER 00000nam a2200000 4500
001 c122575
005 20260108070044.0
041 0 |a cze 
044 |a CZ 
245 1 0 |a Mezinárodní směna, faktor ekonomického růstu průmyslové produkce ve vyspělých zemích a ČSSR  |c Karel Zeman 
264 1 |a Praha  |b Výzkumný ústav národohospodářského plánování  |c 1969 
300 |a 270 s. 
490 1 |a Výzkumná práce  |v č. 160 
830 0 |a Výzkumná práce  |v č. 160 
100 1 |a Zeman, Karel